000 00610nam a22001937a 4500
001 00027930
005 20260122112058.0
008 260122b ag ||||| |||| 00| 0 spa d
040 _aAR-CcCEOS
_bspa
_cAR-CcCEOS
041 _aspa
080 _a141.82
090 _bHEI
100 1 _aHeidegger, Martin,
_d1889-1976
_9197
245 1 4 _aExistencialismo marxismo empirismo lógico /
_cMartin Heidegger, Gyorgy Lukacs, Moritz Schlick y Rudolf Carnap.
264 _aBuenos Aires :
_bsiglo mundo,
_cc1969.
300 _a91 p. ;
_c18x10 cm.
655 0 _amarxismo
_vexpirismo
_xlógico
_9198
942 _2udc
_cBK
_n0
999 _c27939
_d27939